000 00583nam a2200193 i 4500
001 51046
003 ES-MaACL
005 20250520160803.0
007 t|
008 030808s1920 fr ||||1| fre d
100 1 _aCurzon, Henri de.
_942258
245 1 4 _aLes maitres de la musique
_b: Mozart /
_cpar Henri de Curzon.
250 _a3eme ed.
260 _aParis :
_bFelix Meau,
_c1920 (
_eEvreux :
_fCh. Herissey)
300 _a284 p. ;
_c20 cm.
600 1 7 _aMozart, Wolfgang Amadeus,
_d1756-1791
_2embne
_9240565
852 _aES-MaACL
_jG-9148
999 _c51046
_d51046